| 000 | 00555nam a2200193 a 4500 | ||
|---|---|---|---|
| 001 | 2601 | ||
| 005 | 20140414131924.0 | ||
| 008 | 050607s19uu xx 00 eng d | ||
| 020 | _a1-85830-256-0 | ||
| 050 |
_aER _bT49 1995 |
||
| 100 | _aDe La Touche, Grace | ||
| 245 |
_aTin soldier (The) / _cstory re-told by Grace De La Touche ; illustrated by Pam Storey. |
||
| 260 |
_bGrandreams, _aNew York : _c1995. |
||
| 300 | _a1 v. p. : ill. ; cm. | ||
| 440 | _aBow-Wow Books | ||
| 650 |
_aToys _xFiction. |
||
| 650 | _aChildren stories. | ||
| 999 |
_c111898 _d111898 |
||